Nomi ufficiali dei paesi dell'Oceania - Statistics

Statistiche generali
  • Questo quiz è stato fatto 7 volte
  • Il punteggio medio è 5 su 14
Statistiche sulle risposte
Paese (nome semplice) Nome ufficiale % Corretto
Micronesia Stati federati di Micronesia
75%
Nuova Zelanda Nuova Zelanda
50%
Palau Repubblica di Palau
50%
Vanuatu Repubblica di Vanuatu
50%
Tuvalu Tuvalu
50%
Australia Commonwealth dell'Australia
25%
Isole Salomone Isole Salomone
25%
Tonga Regno di Tonga
25%
Figi Repubblica delle Figi
25%
Isole Marshall Repubblica delle Isole Marshall
25%
Kiribati Repubblica delle Kiribati
25%
Nauru Repubblica di Nauru
25%
Papua Nuova Guinea Stato indipendente della Papua Nuova Guinea
25%
Samoa Stato indipendente di Samoa
0%
Nessun quiz corrispondente trovato
Distribuzione punteggi
Percentuale di utenti per punteggio
Percentile per numero di risposta
I tuoi punteggi nel tempo
Non hai fatto questo quiz